|
|
|
|
| LEADER |
00000nam0a2200000 4500 |
| 001 |
165265 |
| 005 |
20231031161658.0 |
| 035 |
|
|
|a (RuTPU)RU\TPU\book\179284
|
| 035 |
|
|
|a RU\TPU\book\171420
|
| 090 |
|
|
|a 165265
|
| 100 |
|
|
|a 20090916d1991 k y0rusy50 ca
|
| 101 |
0 |
|
|a rus
|
| 102 |
|
|
|a RU
|
| 105 |
|
|
|a a z 001zy
|
| 200 |
1 |
|
|a Алгебра и логика
|e сборник научных трудов
|f Академия наук СССР (АН СССР), Сибирское отделение (СО), Институт математики
|
| 210 |
|
|
|a Новосибирск
|c Изд-во ИМ СО РАН
|d 1991
|
| 215 |
|
|
|a 631-772 с.
|
| 225 |
1 |
|
|a Труды института математики СО АН СССР
|v Т. 30, № 6
|
| 320 |
|
|
|a Библиогр. в конце ст.
|
| 610 |
1 |
|
|a математика
|
| 610 |
1 |
|
|a алгебра
|
| 610 |
1 |
|
|a математическая логика
|
| 610 |
1 |
|
|a функции булевые
|
| 610 |
1 |
|
|a группы
|
| 610 |
1 |
|
|a кольца
|
| 610 |
1 |
|
|a множества
|
| 610 |
1 |
|
|a автоморфизмы
|
| 675 |
|
|
|a 512
|v 3
|
| 675 |
|
|
|a 510.6
|v 3
|
| 712 |
0 |
2 |
|a Академия наук СССР (АН СССР)
|b Сибирское отделение (СО)
|b Институт математики
|2 stltpush
|3 (RuTPU)RU\TPU\col\11754
|
| 801 |
|
0 |
|a RU
|b 63413507
|c 20011210
|g PSBO
|
| 801 |
|
1 |
|a RU
|b 63413507
|c 20090416
|g PSBO
|
| 801 |
|
2 |
|a RU
|b 63413507
|c 20170111
|g RCR
|
| 942 |
|
|
|c BK
|